| 000 | 03551nam a2200445 i 4500 | ||
|---|---|---|---|
| 001 | xb21062067 | ||
| 006 | m d | ||
| 007 | cr n | ||
| 008 | 141121t20142014enka sb 001 0 eng d | ||
| 020 |
_a9781783740147 _q(pdf) |
||
| 020 |
_a9781783740154 _q(epub) |
||
| 020 |
_a9781783740161 _q(mobi) |
||
| 020 | _z9781783740123 (Paperback) | ||
| 020 | _z9781783740130 (Hardback) | ||
| 035 | _a(OCoLC)878145053 | ||
| 040 |
_aStSaUL _beng _erda |
||
| 100 | 1 |
_aHughes, Michael, _d1961- _eauthor. |
|
| 245 | 1 | 0 |
_aBeyond Holy Russia _h[electronic resource] : _bthe life and times of Stephen Graham / _cMichael Hughes. |
| 264 | 1 | _bOpen Book Publishers, | |
| 300 |
_a1 online resource (xii, 357 pages) : _billustrations. |
||
| 500 | _aAvailable through Open Book Publishers. | ||
| 504 | _aIncludes bibliography (pages 329-343) and index. | ||
| 505 | 0 | _aList of Illustrations -- Epigraph -- Acknowledgements -- Introduction -- 1. Chasing the Shadow -- 2. Searching for the Soul of Russia -- 3. The Slow Death of Holy Russia -- 4. The Pilgrim in Uniform -- 5. Searching for America -- 6. A Rising or Setting Sun? -- 7. New Horizons -- 8. A Time of Strife -- 9. The Pilgrim Reborn? -- Final Thoughts -- Bibliography -- Index. | |
| 506 | _aOpen access resource providing free access. | ||
| 520 | _a"This biography examines the long life of the traveller and author Stephen Graham. Graham walked across large parts of the Tsarist Empire in the years before 1917, describing his adventures in a series of books and articles that helped to shape attitudes towards Russia in Britain and the United States. In later years he travelled widely across Europe and North America, meeting some of the best known writers of the twentieth century, including H.G. Wells and Ernest Hemingway. Graham also wrote numerous novels and biographies that won him a wide readership on both sides of the Atlantic. This book traces Graham's career as a world traveller, and provides a rich portrait of English, Russian and American literary life in the first half of the twentieth century. It also examines how many aspects of his life and writing coincide with contemporary concerns, including the development of New Age spirituality and the rise of environmental awareness. Beyond Holy Russia is based on extensive research in archives of private papers in Britain and the USA and on the many works of Graham himself. The author describes with admirable tact and clarity Graham's heterodox and convoluted spiritual quest. The result is a fascinating portrait of a man who was for many years a significant literary figure on both sides of the Atlantic."--Publisher's website. | ||
| 538 | _aMode of access: World Wide Web. | ||
| 540 | _aThis work is licensed under a Creative Commons Attribution 4.0 International license (CC BY 4.0). For more detailed information consult the publisher's website. | ||
| 600 | 1 | 0 |
_aGraham, Stephen, _d1884-1975. |
| 651 | 0 |
_aRussia _xCivilization _y19th century. |
|
| 651 | 0 |
_aRussia _xCivilization _y20th century |
|
| 651 | 0 |
_aRussia _xDescription and travel _y19th century. |
|
| 651 | 0 |
_aRussia _xDescription and travel _y20th century. |
|
| 710 | 2 |
_aOpen Book Publishers, _epublisher. |
|
| 856 | 4 | 0 |
_uhttp://doi.org/10.11647/OBP.0040 _zConnect to e-book |
| 856 | 4 | 2 |
_uhttp://www.openbookpublishers.com/shopimages/products/cover/217 _zConnect to cover image |
| 999 |
_c29077 _d29077 |
||